| 000 | 00467nam a22001817a 4500 | ||
|---|---|---|---|
| 003 | NUST - PNEC | ||
| 005 | 20170116181121.0 | ||
| 008 | 151005b xxu||||| |||| 00| 0 eng d | ||
| 020 | _a0074516485 | ||
| 040 | _cLIBRARY | ||
| 082 | _a620.192 GHO | ||
| 100 |
_913512 _aGhosh, Premamoy |
||
| 245 |
_aPolymer science and technology of plastics and rubbers _cPremamoy Ghosh |
||
| 250 | _a- | ||
| 260 | _c- | ||
| 650 |
_913513 _aPlastics _xME, IME |
||
| 942 |
_2ddc _cBK |
||
| 999 |
_c69568 _d69568 |
||